1751 1484 1688 1494 1691 1094 1490 1419 1841 1051 1193 1784 1604 1995 1835 1747 1428 1305 1211 1202 1741 1578 1355 1981 1858 1285 1779 1121 1723 1503 1862 1142 1481 1406 1247 1595 1905 1220 1170 1456 1232 1079 1810 1393 1316 1090 1147 1468 1681 1320 1482 1917 1087 1646 1337 1285 1843 1581 1566 1186 1871 1060 1510 1646 1402 1117 1882 1270 1170 1226 1016 1077 1877 1512 1633 1323 1975 1522 1912 1674 1134 1197 1826 1984 1383 1504 1722 1259 1239 1039 1469 1375 1747 1927 1064 1973 1392 1213 1638 BCNSPRNW ULIB Ver.6.0+V

เปลี่ยนเป็นภาษาไทย

Change to English
 แสดงรายละเอียดบรรณานุกรม
  กลับหน้าหลัก

Brief Record : Get Marc (ISO 2709) : E-mail record : QR code < ปิดหน้าต่าง
LEADER : 00000nam 2200000uu 4500
001    13399124779
003     ULIB
008    160323s2015||||th 000 0 eng d
020    9781455772568
060  4 ^aWY157.3^bL527i
100 1  ^aLeifer, Gloria.
245 10 ^aStudy guide Introduction to maternity & pediatric nursing /^cGloria Leifer.
250    ^a7th ed.
260    ^aSt. Louis, Mo. :^bMosby/Elsevier,^cc2015
300    ^axxii, 282 p. :^bill.
500    ^a^"Login/Password has been inside of this book^"
504    ^aIncludes bibliographical references and index.
650  2 ^aMaternal-Child Nursing^xmethods.
650  2 ^aPediatric Nursing^xmethods.
945    ^p1520^l0^i000328
999    ^aเกษร โพธิ์สุวรรณ
รายการนี้ยังไม่มีแท็ก
คุณยังไม่ได้ล็อกอิน คุณสามารถมีกิจกรรมร่วมกับเว็บไซต์ได้ แต่ต้องล็อกอินก่อน ::
  ล็อกอิน

รายการสื่อสารสนเทศ

ลำดับที่ ประเภท เลขเรียก/บาร์โค้ด สถานที่ สถานะ
1. Book การพยาบาล
Book การพยาบาล
WY157.3 L527i ฉ.1 
  Barcode: 000328
ห้องสมุดวิทยาเขตสวรรค์ประชารักษ์
►หนังสือทั่วไป
บนชั้น

รายการใกล้เคียง
    ผู้แต่ง [Leifer, Gloria.]

BibComment


ยังไม่เคยถูกคอมเมนท์

คอมเมนท์ทรัพยากรรายการนี้
  คอมเมนท์: Study guide Intr..


 Copyright 2026. Bcnsprnw @Library